000 00760nam a2200217 a 4500
001 000023315
005 20200930022131.0
008 101202s1968 ve ac r 001 0 spa d
040 _aDO-SdBNP
_bspa
_cBNPHU
082 _axxxxx
_bG767i
100 1 _aGrases, Pedro
_910355
245 1 0 _aInvestigaciones bibliográficas 1 /
_cPedro Grases ; prólogo Agustín Millares Carlo.
260 _aCaracas, Venezuela :
_bDepartamento de Publicaciones,
_c1968.
300 _a319 p. :
_bil., retrs. ;
_c22 cm.
490 1 _aVigilia ;
_v13
500 _aIncluye índice de láminas.
504 _aIncluye referencias bibliográficas y notas al pie de las páginas.
700 1 _aMillares Carlo, Agustín,
_epról.
_9546
830 0 _aVigilia ;
_n13
_948014
049 _aBNGR
999 _c22812
_d22812